ImmunoTargets and therapy

Bibliographic Details
Corporate Author: Dove Medical Press Ltd
Format: Electronic Journal
Language:English
Published: Auckland, NZ : Dove Medical Press
Subjects:
Online Access:Full text available from Research Library: 01/01/2012 to present

MARC

LEADER 00000nas a2200000 a 4500
001 ssj0000884122
003 WaSeSS
005 20200512172242.0
006 m d
007 cr n
008 121130c20129999nz uu p s 0 a0eng c
010 |a  2016243009 
016 7 |a 101606565  |2 DNLM 
022 |a 2253-1556  |l 2253-1556 
035 |a (WaSeSS)ssj0000884122 
040 |a FQM  |b eng  |c FQM  |d CUS  |d OCLCF  |d CNCGM  |d NZ1  |d EUW  |d NLM  |d OCLCQ  |d CASUM  |d OCLCA  |d WT2  |d OCLCQ  |d AU@  |d OCLCQ  |d CNMTR  |d OCLCQ  |d WaSeSS 
042 |a pcc 
050 4 |a RM270 
060 0 0 |a W1 
082 0 4 |a 616.07905  |2 23 
210 1 0 |a Immunotargets Ther  |2 dnlm 
210 0 |a ImmunoTargets ther. 
222 0 |a ImmunoTargets and therapy 
245 0 0 |a ImmunoTargets and therapy  |h [electronic resource]. 
246 3 0 |a ITT 
260 |a Auckland, NZ :  |b Dove Medical Press 
362 1 |a Began with vol. 1 (2012). 
506 |a License restrictions may limit access. 
515 |a Articles added irregularly during the year and collected into annual issues. 
588 0 |a Vol. 1 (2012); title from journal home page (publisher's Web site, viewed Nov. 29, 2012). 
588 1 |a 2015:4 (viewed Dec. 14, 2015). 
650 0 |a Immunotherapy  |v Periodicals. 
650 1 2 |a Immunotherapy. 
650 7 |a Immunotherapy.  |2 fast  |0 (OCoLC)fst00968044 
655 0 |a Electronic journals. 
710 2 |a Dove Medical Press Ltd. 
856 4 0 |z Full text available from Research Library: 01/01/2012 to present  |u https://search.proquest.com/publication/3933158